| 000 | 00855nam a2200241 i 4500 | ||
|---|---|---|---|
| 001 | bg | ||
| 245 | 0 | 0 |
_aDynamika pojazdów szynowych i optymalizacja ich podukładów / _c[red. nauk. Andrzej Grzyb] ; Politechnika Krakowska im. Tadeusza Kościuszki. Instytut Pojazdów Szynowych. |
| 260 |
_aKraków : _bPK, _c1996. |
||
| 300 |
_a175 s. : _bfot., rys., wykr. ; _c24 cm. |
||
| 500 | _aWyd. jubileuszowe z okazji 50-lecia PK, z. 10. | ||
| 504 | _aBibliogr., streszcz., summ. przy ref. | ||
| 650 | 9 |
_aPojazdy szynowe _xmechanika _xbadanie |
|
| 650 | 9 |
_aSymulacja _xstosowanie _xtransport |
|
| 650 | 9 |
_aKomputery _xstosowanie _xtechnika |
|
| 700 | 1 |
_aGRZYB, Andrzej. _eRed. |
|
| 020 | _a8390387883 | ||
| 040 | _cBPK | ||
| 041 | 0 |
_apl _ben |
|
| 080 | _a629.4:531.3 | ||
| 920 | _a83-903878-8-3 | ||
| 942 | _cKS | ||
| 008 | s pl f |000 0 pol | ||
| 999 |
_c31561 _d31561 |
||
| 856 |
_uhttp://koha.tu.koszalin.pl/cgi-bin/koha/opac-detail.pl?biblionumber=31561 _yKatalog online BPK |
||